|
|
|
|
| LEADER |
00000nam0a2200000 4500 |
| 001 |
271384 |
| 005 |
20231101234431.0 |
| 035 |
|
|
|a (RuTPU)RU\TPU\book\294566
|
| 090 |
|
|
|a 271384
|
| 100 |
|
|
|a 20141007d1968 k y0rusy50 ca
|
| 101 |
1 |
|
|a rus
|c eng
|
| 102 |
|
|
|a RU
|
| 105 |
|
|
|a a z 001zy
|
| 200 |
1 |
|
|a Методы прямого наблюдения дислокаций
|e пер. с англ.
|f С. Амелинкс
|
| 210 |
|
|
|a Москва
|c Мир
|d 1968
|
| 215 |
|
|
|a 440 с.
|c ил.
|
| 320 |
|
|
|a Библиогр.: с. 419-438.
|
| 606 |
1 |
|
|a Кристаллы
|x Дислокации
|2 stltpush
|3 (RuTPU)RU\TPU\subj\80318
|9 88043
|
| 610 |
1 |
|
|a дислокации
|
| 610 |
1 |
|
|a дифракция
|
| 610 |
1 |
|
|a микроскопия
|
| 610 |
1 |
|
|a деформация
|
| 610 |
1 |
|
|a рекристаллизация
|
| 610 |
1 |
|
|a симметрия
|
| 675 |
|
|
|a 548.4
|v 3
|
| 700 |
|
1 |
|a Амелинкс
|b С.
|
| 801 |
|
1 |
|a RU
|b 63413507
|c 20141007
|
| 801 |
|
2 |
|a RU
|b 63413507
|c 20200818
|g RCR
|
| 942 |
|
|
|c BK
|